00466 2200169 4500001002100000008004100021035002000062245008800082100002100170250000600191260003900197300001200236084001400248082000800262650001400270990001200284INLIS000000000001062 ind  a0010-0524000297 aPanduan Lengkap Budi Daya Ikan Dan Sayuran Dengan Sistem AkuaponikcCahyo Saparinto aSaparinto, Cahyo a1 aYogyakarta :bLily Publisherc2014 a114 hlm a600 CAH p a600 aNon Fiksi a0744040